Mechanics of materials : (Record no. 9457)

MARC details
000 -LEADER
fixed length control field 01221cam a2200301 a 4500
001 - CONTROL NUMBER
control field 3055103
003 - CONTROL NUMBER IDENTIFIER
control field OSt
005 - DATE AND TIME OF LATEST TRANSACTION
control field 20241029092422.0
008 - FIXED-LENGTH DATA ELEMENTS--GENERAL INFORMATION
fixed length control field 961121s1997 enka b 001 0 eng
010 ## - LIBRARY OF CONGRESS CONTROL NUMBER
LC control number 96049967
020 ## - INTERNATIONAL STANDARD BOOK NUMBER
International Standard Book Number 0750632658 (v. 1)
020 ## - INTERNATIONAL STANDARD BOOK NUMBER
International Standard Book Number 0750632658
040 ## - CATALOGING SOURCE
Original cataloging agency DLC
Transcribing agency must
Modifying agency DLC
050 00 - LIBRARY OF CONGRESS CALL NUMBER
Classification number TA405
Item number .H3 1997
082 00 - DEWEY DECIMAL CLASSIFICATION NUMBER
Classification number 620.1 HEA 1997
Edition number 21
100 1# - MAIN ENTRY--PERSONAL NAME
Personal name Hearn, E. J.
Fuller form of name (Edwin John)
9 (RLIN) 19289
245 10 - TITLE STATEMENT
Title Mechanics of materials :
Remainder of title an introduction to the mechanics of elastic and plastic deformation of solids and structural materials /
Statement of responsibility, etc. E.J. Hearn.
250 ## - EDITION STATEMENT
Edition statement 3rd ed.
260 ## - PUBLICATION, DISTRIBUTION, ETC. (IMPRINT)
Place of publication, distribution, etc. Oxford ;
-- Boston :
Name of publisher, distributor, etc. Butterworth-Heinemann,
Date of publication, distribution, etc. 1997.
300 ## - PHYSICAL DESCRIPTION
Extent 2, v. :
Other physical details ill. ;
Dimensions 25 cm.
504 ## - BIBLIOGRAPHY, ETC. NOTE
Bibliography, etc Includes bibliographical references and indexes.
650 #0 - SUBJECT ADDED ENTRY--TOPICAL TERM
Topical term or geographic name as entry element Strength of materials.
9 (RLIN) 15033
856 42 - ELECTRONIC LOCATION AND ACCESS
Materials specified Publisher description
Uniform Resource Identifier <a href="http://www.loc.gov/catdir/description/els032/96049967.html">http://www.loc.gov/catdir/description/els032/96049967.html</a>
856 41 - ELECTRONIC LOCATION AND ACCESS
Materials specified Table of contents
Uniform Resource Identifier <a href="http://www.loc.gov/catdir/toc/els032/96049967.html">http://www.loc.gov/catdir/toc/els032/96049967.html</a>
906 ## - LOCAL DATA ELEMENT F, LDF (RLIN)
a 7
b cbc
c orignew
d 1
e ocip
f 19
g y-gencatlg
942 ## - ADDED ENTRY ELEMENTS (KOHA)
Source of classification or shelving scheme Dewey Decimal Classification
Koha item type Book Bank
Holdings
Withdrawn status Lost status Source of classification or shelving scheme Damaged status Not for loan Home library Current library Date acquired Source of acquisition Inventory number Total Checkouts Full call number Barcode Date last seen Price effective from Koha item type
    Dewey Decimal Classification     MUST Main Library MUST Main Library 29/10/2024 purchase 2001/15421   620.1 HEA 1997 2024-22526 29/10/2024 29/10/2024 Book Bank